Fair Margaret

Bibliografiske detaljer
Hovedforfatter: H. R. Haggard
Summary:Книга находится в премиум-версии платформы «Русский как иностранный».
The novel tells the inspiring story of a beautiful English maiden named Margaret, who faces hardship during the opening phases of the Spanish Inquisition in the late 1400\'s. As Margaret and her family struggle to live in peace, they soon find themselves in the midst of a series of perilous adventures. The drama that unfolds clearly displays the uncommon courage of ordinary people who chose to stand against the tyrants of their age.
Udgivet: Москва, T8RUGRAM, 2018
Fag:
Online adgang:Перейти к просмотру издания
Format: MixedMaterials Electronisk

MARC

LEADER 00000 a2200000 4500
001 RU/ROS-EDU.RU/83484
856 4 |u https://www.ros-edu.ru/book?id=83484  |z Перейти к просмотру издания 
010 |a 978-5-521-06618-6 
100 |a 20180101d2018 |||y0rusy0250  
105 |a y z 000zy 
101 0 |a rus 
102 |a RU 
200 1 |a Fair Margaret  |b Электронный ресурс  |f H. R. Haggard 
700 1 |b H. R.  |a Haggard  |4 070 
330 |a The novel tells the inspiring story of a beautiful English maiden named Margaret, who faces hardship during the opening phases of the Spanish Inquisition in the late 1400\'s. As Margaret and her family struggle to live in peace, they soon find themselves in the midst of a series of perilous adventures. The drama that unfolds clearly displays the uncommon courage of ordinary people who chose to stand against the tyrants of their age. 
210 |a Москва  |c T8RUGRAM  |d 2018 
610 1 |a художественная литература 
610 1 |a английский язык 
610 1 |a зарубежная проза 
610 1 |a классика 
610 1 |a роман 
675 |a 82 
686 |a 84  |2 rubbk 
300 |a Книга находится в премиум-версии платформы «Русский как иностранный». 
215 |a 379 с.